Statistics for European Geography-Multiple Choice

Click here to take the quiz!

General Stats

  • This quiz has been taken 20 times
  • The average score is 8 of 15

Answer Stats

QuestionAnswer% Correct
Which peninsula is Bosnia and Herzegovina situated?Balkan
85%
Nordic countries does not include…Estonia
85%
The Canary Islands are part of which country?Spain
85%
What is the sea between Greece and Turkey?Aegean
75%
What is the capital of Lithuania?Vilnius
75%
Which country is not part of the EU?Norway
55%
What is the most populous urban area in Europe?Istanbul
50%
Gibraltar belongs to which country?United Kingdom
50%
The Öresund bridge connects Copenhagen with …Malmö
45%
What is the third smallest country in Europe?San Marino
45%
What is the country with the highest average elevation in Europe?Andorra
40%
How many provinces are in the Netherlands?12
35%
What is the flag of Monaco?
25%
Which is a picture of the city of Warsaw?
20%
The Baltic Sea borders how many countries?10
20%

Score Distribution

Percentile by Number Answered

Percent of People with Each Score

Your Score History

You have not taken this quiz